Chansons de Naps - Statistiques

Statistiques générales
  • Ce quiz a été pris 183 fois
    138 depuis la dernière actualisation
  • Le résultat moyen est 49 sur 293
Statistiques - réponses
Album Chansons % Correct
Best life A/R
75%
Pochon bleu Pochon bleu
75%
Best life Best life
68%
Les mains faites pour l'or La kiffance
63%
Carré VIP Carré VIP
60%
Carré VIP 6.3
52%
Feat 13 Organisé Bande organisée
52%
On est fait pour ça On est fait pour ça
52%
Les mains faites pour l'or Les mains faites pour l'or
49%
A l'instinct Favela
46%
Les mains faites pour l'or C'est carré
44%
A l'instinct Marseille city
44%
En équipe, vol.1 En équipe
43%
A l'instinct Recherché
43%
Pochon bleu Elvira
42%
Pochon bleu Le zin / La zine
42%
Les mains faites pour l'or La danse des bandits
40%
Feat Alonzo et Jul La selecao
39%
En temps réel C'est carré le S
38%
Best life Chicha kaloud
38%
Pochon bleu T-shirt croco
38%
Ma ville & ma vie A l'instinct
37%
Feat Koba la D Doudou
37%
Feat Classico organisé Le classico organisé
37%
On est fait pour ça Rappelle-toi
37%
Feat DJ quick et Bosh | LA TN Vamos
37%
On est fait pour ça Vovo
37%
Pochon bleu A part ça
36%
En temps réel En temps réel
35%
La TN La maxance
35%
Feat Alonzo et Ninho Tout va bien
35%
On est fait pour ça En détente
32%
Best life Avengers
31%
En temps réel La danse du roro
31%
On est fait pour ça Polo Kenzo
31%
Feat Jul C'est la cité
30%
Best life Chiron
30%
Pochon bleu Ciao
30%
Carré VIP Monica
30%
Carré VIP Coffre-fort
29%
En équipe, vol.1 Le sens des affaires
29%
On est fait pour ça Où ça ?
29%
Les mains faites pour l'or Sans limite
29%
Pochon bleu 4 anneaux
27%
On est fait pour ça Tokyo
27%
On est fait pour ça C'est la guerre
26%
Les mains faites pour l'or Elle
26%
Pochon bleu Folle
26%
LA TN La mala
26%
En temps réel Le fruit de mon époque
26%
A l'instinct Ma bella
26%
Ma ville & ma vie Ma ville et ma vie
26%
On est fait pour ça Sur le banc
26%
On est fait pour ça Cap canaveral
25%
On est fait pour ça Ex
25%
On est fait pour ça On passe le temps
25%
Feat 100 Blaze et Jul Papier rose
25%
Carré VIP Pourcent
25%
LA TN Sensas
25%
Pochon bleu LV
24%
On est fait pour ça Malade
24%
Best life Okay okay
24%
Les mains faites pour l'or Perquè
24%
Pochon bleu Vroum vroum
24%
A l'instinct La cuenta
23%
Les mains faites pour l'or Monaco
23%
Les mains faites pour l'or Tu connais les bails
23%
Pochon bleu Tu m'aimes pas
23%
LA TN Bogota
21%
Best life C'est rien c'est la rue
21%
A l'instinct Dans le block
21%
Pochon bleu Hasta luego
21%
Feat Classico organisé Coeur de pirate
20%
En équipe, vol.1 Faut que j'me taille
20%
Feat Jul Guytoune
20%
A l'instinct Mauvais garçon
20%
A l'instinct Mektoub
20%
Les mains faites pour l'or Paroles paroles
20%
Pochon bleu Pas bella
20%
On est fait pour ça Vito
20%
Les mains faites pour l'or Vodka cerise
20%
LA TN VVS
20%
Best life Artiste
19%
Pochon bleu Capuchés
19%
Carré VIP Dans la villa
19%
On est fait pour ça Evidemment
19%
LA TN Miami
19%
LA TN Napsdas
19%
A l'instinct Coché
18%
Pochon bleu Je repense à tout
18%
On est fait pour ça La chica
18%
Taxi 5 Le couz
18%
On est fait pour ça L'été
18%
En temps réel Ma belleuh
18%
Carré VIP Poropop
18%
Les mains faites pour l'or Viano
18%
LA TN Dreamlife
17%
En temps réel Dua Lipa
17%
Pochon bleu Elle t'a piqué
17%
Carré VIP En boucle
17%
On est fait pour ça Fortuné
17%
Carré VIP Knk
17%
Hors album (Youtube only) La blue
17%
Heat L'algérino, Alonzo et Soprano Les 4 fantastiques
17%
Feat Classico organisé Les galactiques
17%
En équipe, vol.1 Momo design
17%
Feat SEGPA Sun valley
17%
En équipe, vol.1 Tropiko
17%
Pochon bleu Zeillo
17%
On est fait pour ça Ca fait du bien
15%
Pochon bleu Ces temps-ci
15%
Les mains faites pour l'or Facetime
15%
Les mains faites pour l'or Guerre de bouteilles
15%
En équipe, vol.1 La tchatche
15%
Les mains faites pour l'or Palette
15%
Carré VIP Rs3
15%
On est fait pour ça Selecta
15%
Carré VIP Carbone
14%
Feat Mister You Chiwawa
14%
Feat Da Uzi Gadaye
14%
A l'instinct Je suis
14%
A l'instinct Le fixe
14%
Ma ville & ma vie Mama
14%
Les mains faites pour l'or Mek du binks
14%
Les mains faites pour l'or Nairobi
14%
On est fait pour ça Pétou
14%
A l'instinct Poto
14%
Carré VIP Pour eux
14%
LA TN Qnqs
14%
Carré VIP Sans toi
14%
Les mains faites pour l'or Tagada
14%
Feat Jul et Morad Toda la noche
14%
Carré VIP Varadero
14%
Feat 13 Organisé 13 Organisé
13%
Les mains faites pour l'or 5G
13%
En équipe, vol.1 Barrio
13%
En équipe, vol.1 Chouchou
13%
En équipe, vol.1 Costa Brava
13%
On est fait pour ça Destination
13%
A l'instinct Drive
13%
Carré VIP En fumette
13%
Carré VIP Fais le bisou
13%
LA TN G700
13%
Pochon bleu Histoire de
13%
Best life Le p'tit marseillais
13%
LA TN Marseille Cancun
13%
A l'instinct Non non
13%
A l'instinct Parle pas de nous
13%
Feat Kofs Riz au lait
13%
On est fait pour ça Tu m'connais d'où
13%
Les mains faites pour l'or Wesh wesh
13%
Feat 13 Organisé 13 balles
12%
A l'instinct Abandonne
12%
On est fait pour ça Balade
12%
En temps réel Casa de Papel
12%
En équipe, vol.1 Cet hiver
12%
A l'instinct Des fois
12%
Ma ville & ma vie Fais pas le Rambo
12%
Best life Jet privé
12%
Les mains faites pour l'or J'fais la passe
12%
On est fait pour ça Jnouné
12%
Les mains faites pour l'or Mani
12%
Best life Ma wife
12%
On est fait pour ça Medellin
12%
En temps réel Sativa
12%
Feat Kalif Hardcore 6 litres 3
11%
Carré VIP A la mama
11%
Les mains faites pour l'or Bandit crush
11%
En temps réel Bénéf max
11%
Carré VIP C'est ça les z'hommes
11%
Feat 13 Organisé C'est maintenant
11%
En équipe, vol.1 Ceux qui se lèvent ghetto
11%
En temps réel Coachella
11%
A l'instinct Drogua
11%
Les mains faites pour l'or Formentera
11%
Les mains faites pour l'or GTR
11%
On est fait pour ça Hashtag
11%
Pochon bleu il est où mon pote
11%
En temps réel Kassocita
11%
On est fait pour ça La vida
11%
LA TN Ma best
11%
Best life | Feat GLK | Ma ville & ma vie Ma life
11%
Best life Pépita
11%
En temps réel Purple
11%
On est fait pour ça Quatro
11%
En équipe, vol.1 T'as raison d'y croire
11%
On est fait pour ça Tu me manques
11%
A l'instinct 9 milli
10%
Feat Kendji Chirac, Soolking et Soprano Bebeto
10%
On est fait pour ça Callage
10%
On est fait pour ça Charbon
10%
Les mains faites pour l'or Comme un homme
10%
On est fait pour ça Contrôle
10%
LA TN Critikal
10%
LA TN Diadia
10%
Carré VIP Il rôde
10%
LA TN La Pyra
10%
Feat Keblack Ma play
10%
Ma ville & ma vie Marco
10%
Carré VIP Matrixé
10%
On est fait pour ça Mi amor
10%
Feat Bramsito Mi corazon
10%
Best life Nous aussi
10%
En équipe, vol.1 OK manny
10%
Feat Soolking Sel3a
10%
En équipe, vol.1 SLR
10%
En équipe, vol.1 Y'a deleli
10%
Feat Rohff Antibiotique
8%
Ma ville & ma vie Besoin de love
8%
En temps réel Brouncha
8%
Feat Nej Ca fait longtime
8%
On est fait pour ça Carnalita
8%
Best life Certification
8%
Hors album Clio
8%
On est fait pour ça Du Sud au Nord
8%
Ma ville & ma vie Faut que je parte d'ici
8%
Best life J'dis ça j'dis rien
8%
Best life Je suis cramé
8%
Feat YL J'me casse
8%
En temps réel Le sang de la veine
8%
En équipe, vol.1 Mon poto, ma poto
8%
Les mains faites pour l'or Montagne d'euros
8%
Carré VIP Polia
8%
Carré VIP T'as grandi
8%
Best life Vie de reusta
8%
Feat 13 Organisé War zone
8%
On est fait pour ça Ah oué
7%
On est fait pour ça A la tienne
7%
Best life Ambiance vandale
7%
Feat Amine Angelina
7%
LA TN Bayern
7%
Best life Bestah
7%
Feat Graya Dans la cristaline
7%
LA TN Faut s'tailler
7%
Feat Hooss Gros mytho
7%
En équipe, vol.1 Jm'en balele
7%
On est fait pour ça Le pactole ou le maton
7%
Feat AM la Scampia Mal barrés
7%
A l'instinct Oulala
7%
En équipe, vol.1 Partir loin
7%
Feat Elams Tata
7%
Carré VIP Vaisseau
7%
En temps réel C'est toute ma life
6%
Carré VIP Coeur sur la main
6%
LA TN Devant la mer
6%
En temps réel Fast life
6%
En temps réel Frero
6%
En équipe, vol.1 Jour j
6%
On est fait pour ça Ninetta
6%
Feat Vegedream On a l'habitude
6%
A l'instinct Piste blanche
6%
Ma ville & ma vie Pour la money
6%
Ma ville & ma vie Préparez-vous
6%
LA TN Rooftop
6%
LA TN Target
6%
Best life Top artiste
6%
En équipe, vol.1 Vie de fou
6%
LA TN 4 anneaux gris
5%
Ma ville & ma vie Alarkebien
5%
Hors album Booska'Ré VIP
5%
LA TN Bouillant
5%
Ma ville & ma vie Ca sent le vécu
5%
Feat Benab Ca suffit pas
5%
Feat Morad & Sativamusic Cosa
5%
Ma ville & ma vie Dans mon rétro
5%
Feat Dika et AM la scampia Enfant du block
5%
Feat Classico organisé Heetch
5%
En temps réel J'kiff ma life
5%
Ma ville & ma vie J'y revenais, t'y allais
5%
En temps réel Mamacita
5%
En temps réel M'en aller
5%
Feat Dj Kayz et Sidiki Diabaté Mito
5%
En équipe, vol.1 Qué pasa
5%
Feat Gaya et YL T'as cliqué
5%
Ma ville & ma vie Tu te prends pour qui ?
5%
LA TN V2V
5%
En temps réel Vie sur nous
5%
Feat GIMS Enfants de la patrie
4%
Feat Sifax Kalala
4%
Feat YL Solda Kalif Hardcore & Dika Marseille all stars
4%
Feat Thabiti Mexico
4%
Feat Classico organisé On se connaît
4%
Feat Classico organisé Quitte à les décevoir
4%
LA TN Abusé
2%
Feat Zaho En bas d'chez moi
2%
Ma ville & ma vie Jusqu'au bout
2%
Feat Dika Tranquille
2%
En temps réel Ça soutient fort
1%
LA TN Nouvel Horizon
1%
Ma ville & ma vie Tout ça me saoule
1%
Aucun quiz correspondant
Distribution des résultats
% des personnes avec chaque résultat
Percentile par nombre de réponses
Votre historique - résultats
Vous n’avez pas pris ce quiz depuis la dernière actualisation